| 000 | 00865 a2200241 4500 | ||
|---|---|---|---|
| 005 | 20251231111854.0 | ||
| 008 | 251204b |||||||| |||| 00| 0 eng d | ||
| 020 | _a9780197642238 (hbk) | ||
| 037 | _cTB | ||
| 040 |
_aCRL _cCRL |
||
| 041 |
_2eng _aeng |
||
| 084 |
_aG:55 R4 _qCRL |
||
| 100 |
_aGuenther, Genevieve _9821685 |
||
| 245 |
_aLanguage of climate politics: _bfossil-fuel propaganda and how to fight it |
||
| 260 |
_aNew York, USA: _bOxford University Press, _c2024. |
||
| 300 | _axi, 261p. | ||
| 365 |
_b29.99 _cUSD |
||
| 650 |
_aCommunication in Climataloge _9854561 |
||
| 650 |
_aClimate changes - Political Aspects _9854562 |
||
| 650 |
_aFossil Fuels - Environment _9854563 |
||
| 942 |
_cTB _2CC _n0 _hG:55 R4 |
||
| 999 |
_c1435634 _d1435634 |
||